| 000 | 00609nam a2200229Ia 4500 | ||
|---|---|---|---|
| 005 | 20250108124912.0 | ||
| 008 | 008 250107s9999 xx 000 0 eng d | ||
| 020 | _a978-935171-047-9 | ||
| 037 | _aTB | ||
| 040 |
_aCRL _beng _cCRL |
||
| 041 |
_aurd _2eng |
||
| 084 | _aO152,3N56x Q5 | ||
| 084 | _qCRL | ||
| 100 |
_aFarhat Waseem Au. _9727572 |
||
| 245 | 0 |
_aKulliyat-e-Yagana _cFarhat Waseem Au. |
|
| 260 |
_aAmravati, India _bUrdu publications _c2605 |
||
| 300 | _a392p. | ||
| 365 |
_aINR _b250 |
||
| 650 | _aURDU POETRY | ||
| 942 |
_cTB _hO152,3N56x Q5 |
||
| 999 |
_c1234993 _d1234993 |
||